000 00827nam a2200265 i 4500
001 8188
003 ES-MaACL
005 20250827062554.0
007 t|
008 920303s1990 sp ||||1| spa d
020 _a84-7398-800-0
080 _a331.25:351.825(46)
080 _a351.825(46):331.25
110 1 _aEspaña
_93622
240 1 0 _aLey de planes y fondos de pensiones, 1987
245 1 0 _aFondos y planes de pensiones
_b: texto integro.
250 _a[2ª ed.].
260 _aMadrid :
_bCivitas,
_c1990.
300 _a126 p. ;
_c16 cm.
490 1 _aBiblioteca de legislación. Serie menor ;
_v86
650 1 4 _aFondos de pensiones-
_zEspaña-
_xLegislación.
_912921
830 0 _aBiblioteca de legislación. Serie menor ;
_v86
_9178079
852 _aES-MaACL
_jL-15388
_bR.119848
999 _c8188
_d8188